000 00470nam a22001697a 4500
003 OSt
005 20140310181713.0
008 121211t xxu||||| |||| 00| 0 eng d
020 _a9712707016
050 _aPL 5546
_b.C761 2001
082 _aFIL 899.2103
_2 C76 1997
245 _aContemporary fiction by Filipinos in America /
_cCecilia Manguerra Brainard.
260 _aPasig City,
_bAnvil :
_c2001.
300 _a253 p. :
_c23 cm.
942 _2lcc
_cBK
999 _c1649
_d1649